<?xml version="1.0" encoding="UTF-8"?>
<record
    xmlns:xsi="http://www.w3.org/2001/XMLSchema-instance"
    xsi:schemaLocation="http://www.loc.gov/MARC21/slim http://www.loc.gov/standards/marcxml/schema/MARC21slim.xsd"
    xmlns="http://www.loc.gov/MARC21/slim">

  <leader>01712    a2200241   4500</leader>
  <controlfield tag="005">20080909103626.0</controlfield>
  <controlfield tag="008">080909t        xxu||||| |||| 00| 0 hin d</controlfield>
  <datafield tag="010" ind1=" " ind2=" ">
    <subfield code="a">HIN-79233</subfield>
  </datafield>
  <datafield tag="020" ind1=" " ind2=" ">
    <subfield code="a">818809367x</subfield>
    <subfield code="c">400.00</subfield>
  </datafield>
  <datafield tag="035" ind1=" " ind2=" ">
    <subfield code="a">HN-51579</subfield>
  </datafield>
  <datafield tag="037" ind1=" " ind2=" ">
    <subfield code="b">D. B. Act. / ven</subfield>
  </datafield>
  <datafield tag="082" ind1=" " ind2=" ">
    <subfield code="a">320.407</subfield>
  </datafield>
  <datafield tag="100" ind1=" " ind2=" ">
    <subfield code="a">&#x91C;&#x948;&#x928;, &#x938;&#x902;&#x927;&#x94D;&#x92F;&#x93E;</subfield>
  </datafield>
  <datafield tag="245" ind1=" " ind2=" ">
    <subfield code="a">&#x928;&#x93E;&#x917;&#x930;&#x93F;&#x915; &#x936;&#x93E;&#x938;&#x94D;&#x924;&#x94D;&#x930; &#x936;&#x93F;&#x915;&#x94D;&#x937;&#x923;</subfield>
    <subfield code="c">&#x938;&#x902;&#x927;&#x94D;&#x92F;&#x93E; &#x91C;&#x948;&#x928;</subfield>
    <subfield code="b">(&#x935;&#x93F;&#x92D;&#x93F;&#x928;&#x94D;&#x928; &#x935;&#x93F;&#x936;&#x93F;&#x935;&#x935;&#x93F;&#x926;&#x94D;&#x92F;&#x93E;&#x932;&#x92F; &#x915;&#x947; &#x92C;&#x940;.&#x90F;&#x921; &#x90F;&#x935;&#x902; &#x936;&#x93F;&#x915;&#x94D;&#x937;&#x93E; &#x936;&#x93E;&#x938;&#x94D;&#x924;&#x94D;&#x930;&#x940; &#x924;&#x925;&#x93E; &#x92F;&#x942;.&#x91C;&#x940;.&#x938;&#x940;.&#x915;&#x947; &#x928;&#x935;&#x940;&#x928; &#x92A;&#x93E;&#x920;&#x92F;&#x915;&#x94D;&#x930;&#x92E;&#x93E;&#x928;&#x941;&#x938;&#x93E;&#x930; &#x932;&#x93F;&#x916;&#x93F;&#x924; &#x92A;&#x93E;&#x920;&#x94D;&#x92F;&#x92A;&#x941;&#x938;&#x94D;&#x924;&#x915;</subfield>
  </datafield>
  <datafield tag="260" ind1=" " ind2=" ">
    <subfield code="a">&#x91C;&#x92F;&#x92A;&#x941;&#x930;</subfield>
    <subfield code="b">&#x917;&#x94B;&#x92F;&#x932; &#x92A;&#x92C;&#x94D;&#x932;&#x93F;&#x915;&#x947;&#x936;&#x928;&#x94D;&#x938;</subfield>
    <subfield code="c">2006</subfield>
  </datafield>
  <datafield tag="260" ind1=" " ind2=" ">
    <subfield code="a">&#x91C;&#x92F;&#x92A;&#x941;&#x930; (&#x935;&#x93F;&#x924;&#x930;&#x915;) &#x917;&#x94D;&#x930;&#x928;&#x94D;&#x925; &#x935;&#x93F;&#x915;&#x93E;&#x938;</subfield>
  </datafield>
  <datafield tag="270" ind1=" " ind2=" ">
    <subfield code="b">&#x91C;&#x92F;&#x92A;&#x941;&#x930;</subfield>
    <subfield code="a">213,&#x930;&#x93E;&#x927;&#x93E; &#x926;&#x93E;&#x92E;&#x94B;&#x926;&#x930;&#x91C;&#x940; &#x915;&#x940; &#x917;&#x932;&#x940;, &#x932;&#x94B;&#x939;&#x93E; &#x92E;&#x902;&#x921;&#x940;,&#x91A;&#x94C;&#x921;&#x93C;&#x93E; &#x930;&#x93E;&#x938;&#x94D;&#x924;&#x93E;</subfield>
    <subfield code="e">302003(&#x930;&#x93E;&#x91C;.)</subfield>
    <subfield code="k">2315212</subfield>
  </datafield>
  <datafield tag="270" ind1=" " ind2=" ">
    <subfield code="a">&#x938;&#x940;-37,&#x930;&#x93E;&#x91C;&#x93E;&#x92A;&#x93E;&#x930;&#x94D;&#x915;</subfield>
    <subfield code="b">&#x91C;&#x92F;&#x92A;&#x941;&#x930;</subfield>
    <subfield code="k">2310785</subfield>
  </datafield>
  <datafield tag="300" ind1=" " ind2=" ">
    <subfield code="a">302&#x92A;&#x943;</subfield>
    <subfield code="c">22 &#x938;&#x947;&#x92E;&#x940; (&#x938;&#x91C;&#x93F;&#x932;&#x94D;&#x926;)</subfield>
  </datafield>
  <datafield tag="942" ind1=" " ind2=" ">
    <subfield code="a">dpl</subfield>
    <subfield code="c">HN</subfield>
    <subfield code="k">320.407 / &#x91C;&#x948;&#x928;&#x938;&#x902;</subfield>
    <subfield code="2">ddc</subfield>
    <subfield code="h">320.407</subfield>
    <subfield code="m"> &#x91C;&#x948;&#x928;&#x938;&#x902;</subfield>
  </datafield>
  <datafield tag="999" ind1=" " ind2=" ">
    <subfield code="c">1412</subfield>
    <subfield code="d">1412</subfield>
  </datafield>
  <datafield tag="952" ind1=" " ind2=" ">
    <subfield code="0">0</subfield>
    <subfield code="1">0</subfield>
    <subfield code="4">0</subfield>
    <subfield code="7">1</subfield>
    <subfield code="8">NFIC</subfield>
    <subfield code="a">DBAD</subfield>
    <subfield code="b">DBAD</subfield>
    <subfield code="d">2008-09-09</subfield>
    <subfield code="g">400.00</subfield>
    <subfield code="l">0</subfield>
    <subfield code="o">320.407  &#x91C;&#x948;&#x928;&#x938;&#x902;</subfield>
    <subfield code="p">HN-51579</subfield>
    <subfield code="r">2008-09-15 00:00:00</subfield>
    <subfield code="t">1</subfield>
    <subfield code="u">1484</subfield>
    <subfield code="v">400.00</subfield>
    <subfield code="w">2008-09-15</subfield>
    <subfield code="y">HN</subfield>
  </datafield>
  <datafield tag="952" ind1=" " ind2=" ">
    <subfield code="0">0</subfield>
    <subfield code="1">0</subfield>
    <subfield code="2">ddc</subfield>
    <subfield code="4">0</subfield>
    <subfield code="7">0</subfield>
    <subfield code="8">NFIC</subfield>
    <subfield code="a">VP</subfield>
    <subfield code="b">VP</subfield>
    <subfield code="d">2008-09-27</subfield>
    <subfield code="e">BPPD /</subfield>
    <subfield code="g">400.00</subfield>
    <subfield code="l">2</subfield>
    <subfield code="o">320.407  &#x91C;&#x948;&#x928;&#x938;&#x902;</subfield>
    <subfield code="p">B-284102</subfield>
    <subfield code="r">2014-05-13 00:00:00</subfield>
    <subfield code="s">2014-04-30</subfield>
    <subfield code="t">1</subfield>
    <subfield code="v">400.00</subfield>
    <subfield code="w">2008-09-27</subfield>
    <subfield code="y">HN</subfield>
  </datafield>
</record>
